00320 2200121 4500001002100000005001500021035002400036090001800060245005000078260003100128300002000159990001900179YOGYA00000000009158120140823112819 0010-081400000091298 aDEP 423 Wid K aKamus Sinonim Bahasa InggriscA. Widyamartaya ayogyakartabKanisiusc1993 a77 hlm.b15 cm. aCB-D.11-93-718